| 000 | 00392nam a2200157Ia 4500 | ||
|---|---|---|---|
| 008 | 160316s1965 xxu||||| |||| 00| 0 eng d | ||
| 082 |
_a340.000000 _bSMI-2 |
||
| 100 | _aSmith Peter | ||
| 245 | _aThe future of the common law | ||
| 250 | _a | ||
| 260 |
_aGloucester _bHarvard University Press _c1965 |
||
| 300 |
_a247p _b _c |
||
| 365 | _b | ||
| 650 | _a1. Common Law - U S A | ||
| 700 |
_a _a |
||
| 999 |
_c23027 _d23027 |
||